Chrétiens d'Orient : 2000 ans d'histoire /

محفوظ في:

مؤلف مشترك: Institut du monde Arabe (France)

مؤلفون آخرون: Bouffard, Élodie.

التنسيق: كتاب

اللغة: French

منشور في: [Paris] : Gallimard, 2017.

الموضوعات:

الوسوم: إضافة وسم

لا توجد وسوم, كن أول من يضع وسما على هذه التسجيلة!

رقم الطلب: BR1070 .C45 2017

LEADER 00838namaa2200265 4500
003 OSt
005 20251014120953.0
008 130303t20172017fr a b 000 0 fre d
020 |a 9782072740176 
040 |c ARCE Library 
043 |a aw----- 
050 4 |a BR1070 .C45 2017 
245 0 0 |a Chrétiens d'Orient :   |b 2000 ans d'histoire /   |c Elodie Bouffard. 
264 1 |a [Paris] :   |b Gallimard,   |c 2017. 
264 4 |c c2017. 
300 |a 207 pages :   |b illustrations ;   |c 26 cm. 
504 |a Includes bibliographical references. 
650 0 |a Christian art and symbolism  |z Middle East  |v Exhibitions. 
650 0 |a Christianity  |z Middle East  |v Exhibitions. 
650 0 |a Church history  |v Exhibitions. 
700 1 |a Bouffard, Élodie.  |9 27103 
710 2 |a Institut du monde Arabe (France) 
901 |a reviewed 
942 |c BK  |2 lcc 
999 |c 9024  |d 9024